000 00618cam a2200217 4500500
005 20260405003759.0
041 _afre
042 _adc
100 1 0 _aNordmann, Lia
_eauthor
245 0 0 _aPenser comme un poisson dans l’eau
260 _c2023.
500 _a50
690 _aCalcul
690 _aintelligence
690 _aOcéan
690 _aPlongée
690 _aPoisson
690 _aThomas Nagel
786 0 _nPhilosophie magazine | 173 | 10 | 2023-10-01 | p. 18-20 | 1951-1787
856 4 1 _uhttps://shs.cairn.info/magazine-philosophie-magazine-2023-10-page-18?lang=fr&redirect-ssocas=7080
999 _c2070772
_d2070772